000 00633nam a2200205Ia 4500
003 GCL
008 140319s9999 xx 000 0 ara d
040 _aGCL /
_cGCL
082 0 4 _a819.9
_bع ا
100 1 _aعباس محمود العقاد
245 1 0 _aابو الانبياء الخليل ابراهيم /
_cعباس محمود العقاد
300 _a251 ص
490 _aكتاب اليوم
_v0
650 0 4 _aاليهودية
650 0 4 _aالانبياء
650 0 4 _aقصص الانبياء
650 0 4 _aابراهيم عليه السلام
650 0 4 _aاسماعيل عليه السلام
942 _2ddc
_cBK
999 _c40983
_d40983